Welcome to the Holygrace Academy Library

Please use search bar below to get started

LITTLE WOLF'S BOOK OF BADNESS (Record no. 6497)

MARC details
000 -LEADER
fixed length control field 00617nam a22001457a 4500
020 ## - INTERNATIONAL STANDARD BOOK NUMBER
ISBN 978-0-00-786135-4
082 ## - DEWEY DECIMAL CLASSIFICATION NUMBER
Classification number 823
Item number WHY/L
100 ## - MAIN ENTRY--AUTHOR NAME
Personal name WHYBROW, IAN
245 ## - TITLE STATEMENT
Title LITTLE WOLF'S BOOK OF BADNESS
260 ## - PUBLICATION, DISTRIBUTION, ETC. (IMPRINT)
Place of publication UK
Name of publisher HARPER COLLINS CHILDRENS BOOK
Year of publication 2009
300 ## - PHYSICAL DESCRIPTION
Number of Pages 142
520 ## - SUMMARY, ETC.
Summary, etc The story follows Little Wolf (Alexander Pownall), who is not bad enough for his family. So his Mum (Lucy Whybrow) and Dad (Richard Hope) send him on a journey to Cunning College to learn from his Uncle Bigbad how to be a true bad wolf. On his quest, he learns the 'Nine Rules of Badness.
650 ## - SUBJECT ADDED ENTRY--TOPICAL TERM
Topical Term SHORT STORY
942 ## - ADDED ENTRY ELEMENTS (KOHA)
Koha item type Books
Holdings
Withdrawn status Lost status Collection code Home library Current library Shelving location Date acquired Source of acquisition Full call number Accession Number Koha item type
    Fiction Main Library Main Library SHELF 15-K-CHILDREN'S STORYBOOKS 04/02/2019 purchase 823 WHY/L 11002 Books